Statistiken für Alle Minderheiten Spaniens

Klicken Sie hier um das Quiz zu spielen!

Allgemein

  • Dieses Quiz wurde 53 mal gespielt
  • Das Durchschnittsergebnis liegt bei 18 aus 25

Antwortstatistiken

BevölkerungLand% Korrekt
167,388Deutschland
100%
210,529Frankreich
100%
95,221Portugal
100%
143,151Italien
96%
935,089Marokko
93%
268,957Vereinigtes Königreich
89%
293,037Argentinien
83%
244,827Peru
80%
514,110Kolumbien
78%
396,188Venezuela
78%
156,499Brasilien
76%
97,447Russland
76%
164,853Kuba
74%
208,788China
72%
416,527Ecuador
72%
82,353Uruguay
67%
178,829Bolivien
65%
107,354Paraguay
65%
578,228Rumänien
61%
133,297Honduras
59%
186,395Dominikanische Republik
57%
116,155Ukraine
57%
113,194Bulgarien
50%
101,406Pakistan
46%
79,903Senegal
41%

Verteilung der Resultate

Perzentil nach korrekt beantworteten Fragen

Anzahl Personen mit jedem Resultat

Ihre Resultats-Entwicklung

Sie haben dieses Quiz noch nicht gespielt